| 000 | 00392nam a22001217a 4500 | ||
|---|---|---|---|
| 082 | _aBIT-10 ASI | ||
| 100 |
_aAsim Mushtaq _993225 |
||
| 245 | _aHirective video resume app with interactive and targeted hiring platform | ||
| 260 |
_aIslambad _bNUST SEECS _c2013 |
||
| 500 | _aSupervisor:Dr. Khawar Khursheed | ||
| 856 | _uhttp://10.250.8.41:8080/xmlui/handle/123456789/10532 | ||
| 942 |
_cPR _2ddc |
||
| 999 |
_c12801 _d12801 |
||